00656nam a22002417a 45000010005000000030009000050050017000140070005000310080028000360400022000640920015000861000020001012450042001212600033001633000026001964900014002228300014002369100008002509420012002589520109002709560020003799990015003990117DO-SdBNP20151112143602.00117151005b198u sp 00| 0 spa d aBPMSUbspacBPMSU aXXXXbXXXX1 aWerner, Lisbeth13aPuck en 2 x 2 = 17 /cLisbeth Werner  aBarcelona :bToray,c[1984]. a176 p. :bil.c20 cm.1 aTorayv24 0aTorayn24 a202 2ddccBK 00102ddc40708EXTaBPMETbBPMETd2015-11-12eDonaciónl0pBPMET15110224r2015-11-12w2015-11-12yBK aYngrid Lockward c8674d8674